Une politique à faire peur ! (notice n° 1859028)
[ vue normale ]
| 000 -LEADER | |
|---|---|
| fixed length control field | 00505cam a2200145 4500500 |
| 005 - DATE AND TIME OF LATEST TRANSACTION | |
| control field | 20260329011138.0 |
| 041 ## - LANGUAGE CODE | |
| Language code of text/sound track or separate title | fre |
| 042 ## - AUTHENTICATION CODE | |
| Authentication code | dc |
| 100 10 - MAIN ENTRY--PERSONAL NAME | |
| Personal name | Vignes, Jean |
| Relator term | author |
| 245 00 - TITLE STATEMENT | |
| Title | Une politique à faire peur ! |
| 260 ## - PUBLICATION, DISTRIBUTION, ETC. | |
| Date of publication, distribution, etc. | 2025.<br/> |
| 500 ## - GENERAL NOTE | |
| General note | 37 |
| 786 0# - DATA SOURCE ENTRY | |
| Note | Pratiques, les cahiers de la médecine utopique | 110 | 3 | 2025-08-27 | p. 23-25 | 0337-6400 |
| 856 41 - ELECTRONIC LOCATION AND ACCESS | |
| Uniform Resource Identifier | <a href="https://stm.cairn.info/revue-pratiques-les-cahiers-de-la-medecine-utopique-2025-3-page-23?lang=fr&redirect-ssocas=7080">https://stm.cairn.info/revue-pratiques-les-cahiers-de-la-medecine-utopique-2025-3-page-23?lang=fr&redirect-ssocas=7080</a> |
Pas d'exemplaire disponible.




Réseaux sociaux